Southville International School and Colleges
Your cart is empty.
  • Cart
  • Lists
    Public lists Eva Luna New books Lux_list list_1
    Your lists Log in to create your own lists
  • Log in to your account
  • Your cookies
  • Search history
Southville International School and Colleges
  • Advanced search
  • Recent comments
  • Most popular
  • Libraries

Log in to your account

Log in with GOOGLE


If you do not have an external account, but do have a local account, you can still log in:

  1. Home
  2. MARC view: Marketing :
Normal view MARC view ISBD view

Marketing : (Record no. 8659)

[ view plain ]
MARC details
000 -LEADER
fixed length control field 00553nam a22001937a 4500
003 - CONTROL NUMBER IDENTIFIER
control field OSt
005 - DATE AND TIME OF LATEST TRANSACTION
control field 20140310182035.0
008 - FIXED-LENGTH DATA ELEMENTS--GENERAL INFORMATION
fixed length control field 130815t xxu||||| |||| 00| 0 eng d
020 ## - INTERNATIONAL STANDARD BOOK NUMBER
International Standard Book Number 1858053056
050 ## - LIBRARY OF CONGRESS CALL NUMBER
Classification number HF 5145
Item number .St874 1997
082 ## - DEWEY DECIMAL CLASSIFICATION NUMBER
Classification number HS 380.1
Item number St6 1997
100 ## - MAIN ENTRY--PERSONAL NAME
Personal name Stokes, David
9 (RLIN) 10614
245 ## - TITLE STATEMENT
Title Marketing :
Remainder of title a case study approach /
Statement of responsibility, etc David Stokes
260 ## - PUBLICATION, DISTRIBUTION, ETC. (IMPRINT)
Place of publication, distribution, etc London :
Name of publisher, distributor, etc Letts Educational Aldine Place,
Date of publication, distribution, etc c1997.
300 ## - PHYSICAL DESCRIPTION
Extent vii, 349 p.,
Other physical details ill. ;
Dimensions 29 cm.
650 ## - SUBJECT ADDED ENTRY--TOPICAL TERM
Topical term or geographic name as entry element Marketing
9 (RLIN) 10615
942 ## - ADDED ENTRY ELEMENTS (KOHA)
Source of classification or shelving scheme Library of Congress Classification
Koha item type
Holdings
Withdrawn status Lost status Source of classification or shelving scheme Damaged status Home library Current library Shelving location Date acquired Total Checkouts Full call number Barcode Date last seen Copy number Price effective from Koha item type
    Library of Congress Classification   Luxembourg Library Luxembourg Library High School Section 08/15/2013   HF 5145 .St874 1997 9203 08/15/2013 1 08/15/2013 Books

Marketing :

APA

Stokes D., . (1997). Marketing. London: Letts Educational Aldine Place.

Chicago

Stokes David, . 1997. Marketing. London: Letts Educational Aldine Place.

Harvard

Stokes D., . (1997). Marketing. London: Letts Educational Aldine Place.

MLA

Stokes David, . Marketing. London: Letts Educational Aldine Place. 1997.

  • Place hold
  • Print
  • Cite
  • Add to your cart (remove)
  • Save record
    BIBTEX Dublin Core MARCXML MARC (non-Unicode/MARC-8) MARC (Unicode/UTF-8) MARC (Unicode/UTF-8, Standard) MODS (XML) RIS
  • More searches
    Search for this title in:
    Other Libraries (WorldCat) Other Databases (Google Scholar) Online Stores (Bookfinder.com) Open Library (openlibrary.org)

Exporting to Dublin Core...

SOUTHVILLE LIBRARY

Southville International School and Colleges Library

1281 Tropical Ave. Cor. Luxembourg St., BF Homes International, Las Pinas City

Tel. No. 8256374 / 252358 Loc. 117/146

Powered by Koha